[Event "IND-ch (Women) 46th"]
[Site "Managiri"]
[Date "2019.07.25"]
[Round "9"]
[White "Ramaswamy, Aarthie"]
[Black "Sunyasakta, Satpathy"]
[Result "1-0"]
[WhiteElo "2020"]
[BlackElo "1801"]
[PlyCount "57"]
[EventDate "2019.07.19"]
[EventType "swiss"]
[EventRounds "11"]
[EventCountry "IND"]
[SourceTitle "EXT 2020"]
[Source "ChessBase"]
[SourceDate "2019.10.17"]
[SourceVersion "1"]
[SourceVersionDate "2019.10.17"]
[SourceQuality "1"]

1. e4 e5 2. Nf3 Nc6 3. Bb5 a6 4. Ba4 Nf6 5. 0-0 Be7 6. d3 b5 7. Bb3 d6 8. c3 0-0 9. Re1 Na5 10. Bc2 c5 11. Nbd2 Re8 12. Nf1 h6 13. Ng3 Bf8 14. h3 Nc6 15. d4 cxd4 16. cxd4 exd4 17. Nxd4 Nxd4 18. Qxd4 Bb7 19. Bf4 Rc8 20. Bb3 d5 21. exd5 Rxe1+ 22. Rxe1 Bc5 23. Qd2 Nxd5 24. Rd1 Qf6 25. Nh5 Qh4 26. Bxd5 Bxd5 27. Qxd5 Bxf2+ 28. Kh2 Bb6 29. Qe5 1-0

[Event "IND-ch (Women) 46th"]
[Site "Managiri"]
[Date "2019.07.21"]
[Round "4"]
[White "Saranya, J."]
[Black "Sunyasakta, Satpathy"]
[Result "0-1"]
[WhiteElo "2067"]
[BlackElo "1801"]
[PlyCount "60"]
[EventDate "2019.07.19"]
[EventType "swiss"]
[EventRounds "11"]
[EventCountry "IND"]
[SourceTitle "EXT 2020"]
[Source "ChessBase"]
[SourceDate "2019.10.17"]
[SourceVersion "1"]
[SourceVersionDate "2019.10.17"]
[SourceQuality "1"]

1. e4 e5 2. Nf3 Nc6 3. Bc4 Nf6 4. d3 d5 5. exd5 Nxd5 6. 0-0 Bc5 7. Re1 0-0 8. Bb5 Nd4 9. Rxe5 Qd6 10. Rg5 h6 11. Nxd4 hxg5 12. Nb3 Nf4 13. d4 Rd8 14. c3 Bb6 15. Bxf4 gxf4 16. N1d2 Bf5 17. Qf3 c6 18. Bc4 g6 19. Bf1 Bc7 20. Nc5 Rab8 21. Bc4 Kg7 22. Bb3 Rh8 23. Nc4 Qe7 24. Nd3 Be4 25. Re1 Rbe8 26. Qd1 Qh4 27. h3 Bxd3 28. Rxe8 Rxe8 29. Qxd3 Re1+ 30. Kh2 Qxf2 0-1

[Event "IND-ch U19 Girls"]
[Site "Kankarbagh"]
[Date "2017.09.06"]
[Round "5"]
[White "Sunyasakta, Satpathy"]
[Black "Toshali, V."]
[Result "1-0"]
[WhiteElo "1759"]
[BlackElo "1921"]
[PlyCount "115"]
[EventDate "2017.09.03"]
[EventType "swiss"]
[EventRounds "11"]
[EventCountry "IND"]
[SourceTitle "CBM 180 Extra"]
[Source "ChessBase"]
[SourceDate "2017.10.06"]
[SourceVersion "1"]
[SourceVersionDate "2017.10.06"]
[SourceQuality "1"]

1. e4 Nc6 2. Nf3 d6 3. Nc3 Bg4 4. d4 Nf6 5. Be3 e5 6. Bb5 exd4 7. Qxd4 Bxf3 8. gxf3 Nd7 9. Qa4 Nce5 10. f4 Ng4 11. 0-0-0 c6 12. Be2 Nxe3 13. fxe3 Qb6 14. Qd4 Qxd4 15. exd4 Be7 16. Rhg1 g6 17. Bf3 0-0-0 18. Kb1 Kb8 19. Rd3 h6 20. a4 g5 21. f5 h5 22. h3 Bf6 23. Ne2 Rdg8 24. Rb3 Bd8 25. Ka2 Bb6 26. Rg2 c5 27. e5 dxe5 28. a5 Bxa5 29. Rxb7+ Kc8 30. Rxa7 Bc7 31. dxc5 Nxc5 32. Nc3 e4 33. Be2 g4 34. hxg4 hxg4 35. b4 Kb8 36. Rxc7 Kxc7 37. bxc5 Ra8+ 38. Kb3 Kc6 39. Kb4 Rh4 40. Rxg4 Rxg4 41. Bxg4 Re8 42. Kc4 Re5 43. Na4 f6 44. Kd4 e3 45. Nc3 e2 46. Nxe2 Rxc5 47. c4 Re5 48. Nc3 Re8 49. Bf3+ Kd6 50. Ne4+ Ke7 51. c5 Ra8 52. Nxf6 Ra4+ 53. Ke5 Rc4 54. Nd5+ Kf7 55. Kd6 Ke8 56. c6 Kd8 57. c7+ Rxc7 58. Nxc7 1-0

[Event "Bhubaneswar Pillai Memorial"]
[Site "Bhubaneswar"]
[Date "2016.11.24"]
[Round "9"]
[White "Sunyasakta, Satpathy"]
[Black "Rudranarayan"]
[Result "1/2-1/2"]
[WhiteElo "1848"]
[BlackElo "1432"]
[PlyCount "130"]
[EventDate "2016.11.20"]
[EventType "swiss"]
[EventRounds "11"]
[EventCountry "IND"]
[SourceTitle "CBM 175 Extra"]
[Source "ChessBase"]
[SourceDate "2016.12.12"]
[SourceVersion "1"]
[SourceVersionDate "2016.12.12"]
[SourceQuality "1"]

1. e4 e5 2. Nf3 Nc6 3. d4 exd4 4. Nxd4 Bc5 5. Be3 Qf6 6. c3 d6 7. Bc4 Nge7 8. 0-0 0-0 9. Kh1 Ne5 10. Be2 Qh4 11. f3 f5 12. exf5 Bxf5 13. Qe1 Qxe1 14. Rxe1 Bb6 15. f4 Bxd4 16. Bxd4 N5c6 17. Nd2 Nxd4 18. Bc4+ Ne6 19. Bxe6+ Bxe6 20. Rxe6 Nc6 21. g3 Rae8 22. Rae1 Rxe6 23. Rxe6 Kf7 24. Re2 Re8 25. Rf2 Re3 26. Nf3 h6 27. Kg2 Ne7 28. Rd2 Nc6 29. Kf2 Re7 30. Nh4 Kf6 31. Ng2 Na5 32. b3 b6 33. Ne3 Kf7 34. Rd4 Nb7 35. Nd5 Rd7 36. Ra4 a5 37. Rc4 Nc5 38. b4 b5 39. Rd4 axb4 40. cxb4 Ne6 41. Rd2 c6 42. Nc3 d5 43. f5 Nd8 44. Ne2 Kf6 45. Nd4 Ke5 46. g4 Kd6 47. Re2 Re7 48. Rxe7 Kxe7 49. Ke3 Kd6 50. Kf4 Nf7 51. Ne6 Ne5 52. Nxg7 Nd3+ 53. Ke3 Nxb4 54. f6 Nxa2 55. h4 Nc3 56. g5 hxg5 57. hxg5 Ne4 58. f7 Ke7 59. g6 Ng5 60. Nf5+ Kf8 61. Nd4 Nxf7 62. gxf7 Kxf7 63. Nxc6 Ke6 64. Nd4+ Kd6 65. Nxb5+ Kc6 1/2-1/2

[Event "Bhubaneswar Pillai Memorial"]
[Site "Bhubaneswar"]
[Date "2016.11.23"]
[Round "7"]
[White "Sunyasakta, Satpathy"]
[Black "Nayak, Sajan Kumar"]
[Result "1-0"]
[WhiteElo "1848"]
[BlackElo "1644"]
[PlyCount "119"]
[EventDate "2016.11.20"]
[EventType "swiss"]
[EventRounds "11"]
[EventCountry "IND"]
[SourceTitle "CBM 175 Extra"]
[Source "ChessBase"]
[SourceDate "2016.12.12"]
[SourceVersion "1"]
[SourceVersionDate "2016.12.12"]
[SourceQuality "1"]

1. e4 e6 2. d4 d5 3. e5 c5 4. c3 Qb6 5. Nf3 Nc6 6. a3 Nge7 7. b4 cxd4 8. cxd4 Nf5 9. Bb2 Be7 10. Bd3 a5 11. Qa4 Bd7 12. b5 Na7 13. Nc3 Rc8 14. 0-0 g6 15. Rfe1 Qd8 16. Qb3 b6 17. a4 Ng7 18. Ba3 0-0 19. Re2 Ne8 20. Rae1 Rc7 21. h4 Nc8 22. Nd1 Bxa3 23. Qxa3 Qe7 24. Qb2 Qb4 25. Qxb4 axb4 26. Rb2 Ne7 27. Rxb4 Ng7 28. Ne3 Ra8 29. g3 Ne8 30. Kg2 Nf5 31. Nxf5 gxf5 32. Re2 Rc3 33. Bc2 Rac8 34. Rb2 Kg7 35. Bd1 Rc1 36. Red2 f6 37. Ra2 Rb1 38. Be2 Ra8 39. Rdc2 Rb4 40. exf6+ Kxf6 41. Ne5 Ke7 42. Nc6+ Bxc6 43. Rxc6 Rbxa4 44. Rxa4 Rxa4 45. Rxb6 Nd6 46. Ra6 Rxa6 47. bxa6 Nc8 48. Kf3 Kf6 49. Kf4 Na7 50. Bh5 h6 51. f3 Nb5 52. g4 fxg4 53. fxg4 Ke7 54. Ke5 Na3 55. a7 Nc4+ 56. Kf4 Nb6 57. g5 hxg5+ 58. hxg5 Kd6 59. g6 Ke7 60. g7 1-0

[Event "Bhubaneswar Pillai Memorial"]
[Site "Bhubaneswar"]
[Date "2016.11.22"]
[Round "6"]
[White "Sunyasakta, Satpathy"]
[Black "Routray, Priyanka"]
[Result "1/2-1/2"]
[WhiteElo "1848"]
[BlackElo "1496"]
[PlyCount "57"]
[EventDate "2016.11.20"]
[EventType "swiss"]
[EventRounds "11"]
[EventCountry "IND"]
[SourceTitle "CBM 175 Extra"]
[Source "ChessBase"]
[SourceDate "2016.12.12"]
[SourceVersion "1"]
[SourceVersionDate "2016.12.12"]
[SourceQuality "1"]

1. e4 e5 2. Nf3 Nc6 3. d4 exd4 4. Nxd4 Nxd4 5. Qxd4 d6 6. Bc4 Qf6 7. Qxf6 Nxf6 8. Nc3 Be6 9. Bb3 0-0-0 10. Be3 a6 11. Rd1 Be7 12. f3 Bxb3 13. axb3 Rhe8 14. 0-0 h6 15. b4 d5 16. Nxd5 Nxd5 17. exd5 Bxb4 18. Bd4 Re2 19. Rf2 Rxf2 20. Bxf2 c6 21. c3 Bf8 22. c4 cxd5 23. Bb6 Rd7 24. cxd5 Bd6 25. Rc1+ Kb8 26. Re1 Re7 27. Rd1 Re2 28. Bd4 f6 29. Kf1 1/2-1/2

[Event "IND-ch U17 Girls 25th"]
[Site "Bihar"]
[Date "2014.12.06"]
[Round "7"]
[White "Sunyasakta, Satpathy"]
[Black "Thamaraiselvi, P."]
[Result "1/2-1/2"]
[WhiteElo "1927"]
[BlackElo "1659"]
[PlyCount "119"]
[EventDate "2014.12.02"]
[EventType "swiss"]
[EventRounds "11"]
[EventCountry "IND"]
[SourceTitle "EXT 2016"]
[Source "ChessBase"]
[SourceDate "2015.10.08"]
[SourceVersion "1"]
[SourceVersionDate "2015.10.08"]
[SourceQuality "1"]

1. e4 c5 2. Nc3 Nc6 3. f4 e6 4. Nge2 d6 5. g3 g6 6. Bg2 Bg7 7. 0-0 Nge7 8. d3 Nd4 9. Kh1 Nec6 10. Nxd4 Nxd4 11. Ne2 Nxe2 12. Qxe2 Bd7 13. c3 Qc7 14. f5 gxf5 15. exf5 0-0-0 16. f6 Bf8 17. d4 h5 18. h3 Bh6 19. b4 Rdg8 20. Kh2 Bc6 21. Bxc6 Qxc6 22. bxc5 Bxc1 23. Raxc1 dxc5 24. Qe5 b6 25. Rb1 Qc7 26. Qxc7+ Kxc7 27. dxc5 bxc5 28. Rb5 Kc6 29. c4 Rb8 30. Rxb8 Rxb8 31. g4 h4 32. Rf4 e5 33. Re4 Kd6 34. g5 Rg8 35. Rg4 Ke6 36. Rg2 Kf5 37. Rf2+ Ke4 38. Rg2 Kf3 39. Kg1 e4 40. Rf2+ Kg3 41. Rg2+ Kf3 42. Rf2+ Ke3 43. Rf5 Kd3 44. Rxc5 e3 45. Kg2 Kd4 46. Ra5 Kxc4 47. Kf3 Kd4 48. Ra4+ Kd3 49. Rxa7 Rxg5 50. Rd7+ Kc4 51. Kxe3 Rg3+ 52. Ke4 Rxh3 53. Rc7+ Kb4 54. Rxf7 Kc5 55. Ra7 Rh1 56. f7 Rf1 57. Ra5+ Kd6 58. Rf5 Rxf5 59. Kxf5 Ke7 60. Kg4 1/2-1/2

[Event "Wch U20 Girls 32nd"]
[Site "Pune"]
[Date "2014.10.19"]
[Round "13"]
[White "Sunyasakta, Satpathy"]
[Black "Ananya, Suresh"]
[Result "1/2-1/2"]
[WhiteElo "1926"]
[BlackElo "1853"]
[PlyCount "40"]
[EventDate "2014.10.06"]
[EventType "swiss"]
[EventRounds "13"]
[EventCountry "IND"]
[SourceTitle "EXT 2015"]
[Source "ChessBase"]
[SourceDate "2014.11.20"]
[SourceVersion "1"]
[SourceVersionDate "2014.11.20"]
[SourceQuality "1"]

1. e4 c5 2. d4 cxd4 3. c3 dxc3 4. Nxc3 e6 5. Nf3 a6 6. Bf4 Nc6 7. Bc4 Nge7 8. 0-0 Ng6 9. Bd6 Bxd6 10. Qxd6 Qe7 11. Qg3 0-0 12. h4 Qf6 13. Nh2 Qxh4 14. Qe3 b5 15. g3 Qf6 16. Bd3 Nge5 17. Be2 Ng6 18. Bd3 Nge5 19. Be2 Ng6 20. Bd3 Nge5 1/2-1/2

[Event "Wch U20 Girls 32nd"]
[Site "Pune"]
[Date "2014.10.15"]
[Round "9"]
[White "Sunyasakta, Satpathy"]
[Black "Vantika, Agrawal"]
[Result "1-0"]
[WhiteElo "1926"]
[BlackElo "1842"]
[PlyCount "77"]
[EventDate "2014.10.06"]
[EventType "swiss"]
[EventRounds "13"]
[EventCountry "IND"]
[SourceTitle "EXT 2015"]
[Source "ChessBase"]
[SourceDate "2014.11.20"]
[SourceVersion "1"]
[SourceVersionDate "2014.11.20"]
[SourceQuality "1"]

1. e4 c5 2. Nc3 Nc6 3. f4 g6 4. Nf3 Bg7 5. Bb5 Nd4 6. Bd3 d6 7. Nxd4 cxd4 8. Ne2 Nf6 9. 0-0 0-0 10. Qe1 Qb6 11. Kh1 Nd7 12. Bc4 Nc5 13. d3 Qc7 14. f5 a6 15. Nf4 b5 16. Bd5 Bb7 17. b4 Na4 18. fxg6 hxg6 19. Ne6 Qxc2 20. Nxg7 Bxd5 21. Nf5 Be6 22. Nxe7+ Kg7 23. Bh6+ Kxh6 24. Qh4+ Kg7 25. Qf6+ Kh7 26. Rf4 Qe2 27. Rh4+ Qh5 28. Rxh5+ gxh5 29. Nf5 Bxf5 30. Qxf5+ Kh6 31. Qf6+ Kh7 32. Rf1 Rae8 33. Qf5+ Kh6 34. Rf3 Re5 35. Qf6+ Kh7 36. Rg3 Rg8 37. Qxf7+ Kh6 38. Rxg8 Rg5 39. Rh8# 1-0

[Event "Wch U20 Girls 32nd"]
[Site "Pune"]
[Date "2014.10.11"]
[Round "6"]
[White "Afraoui, Solenn"]
[Black "Sunyasakta, Satpathy"]
[Result "1/2-1/2"]
[WhiteElo "1989"]
[BlackElo "1926"]
[PlyCount "80"]
[EventDate "2014.10.06"]
[EventType "swiss"]
[EventRounds "13"]
[EventCountry "IND"]
[SourceTitle "EXT 2015"]
[Source "ChessBase"]
[SourceDate "2014.11.20"]
[SourceVersion "1"]
[SourceVersionDate "2014.11.20"]
[SourceQuality "1"]

1. e4 e5 2. Nf3 Nc6 3. d4 exd4 4. Nxd4 Bc5 5. Nf5 g6 6. Be3 Bf8 7. Nd4 Bg7 8. Nc3 Nge7 9. Qd2 h6 10. 0-0-0 a6 11. f4 d6 12. h3 b5 13. g4 Bb7 14. Rh2 Qd7 15. Nxc6 Nxc6 16. e5 0-0-0 17. exd6 Qe6 18. Bc5 cxd6 19. Bb6 Rd7 20. Re2 Qf6 21. g5 Qf5 22. Nd5 Kb8 23. Bg2 Rc8 24. Kb1 hxg5 25. fxg5 Be5 26. Rf1 Qe6 27. Nf6 Re7 28. Ng4 Qd7 29. Bxc6 Bxc6 30. Nxe5 dxe5 31. Qe3 Qb7 32. Bc5 Ree8 33. Bd6+ Ka8 34. Qf2 e4 35. Qxf7 Qxf7 36. Rxf7 Red8 37. Rf6 Rd7 38. b3 Rh7 39. Rxg6 Rxh3 40. Bc5 Kb7 1/2-1/2

[Event "Wch U20 Girls 32nd"]
[Site "Pune"]
[Date "2014.10.10"]
[Round "5"]
[White "Sunyasakta, Satpathy"]
[Black "San Diego, Marie Antoinette"]
[Result "0-1"]
[WhiteElo "1926"]
[BlackElo "2033"]
[PlyCount "126"]
[EventDate "2014.10.06"]
[EventType "swiss"]
[EventRounds "13"]
[EventCountry "IND"]
[SourceTitle "EXT 2015"]
[Source "ChessBase"]
[SourceDate "2014.11.20"]
[SourceVersion "1"]
[SourceVersionDate "2014.11.20"]
[SourceQuality "1"]

1. e4 c5 2. Nc3 a6 3. g3 b5 4. Bg2 Bb7 5. Nge2 e6 6. 0-0 d6 7. d3 Qc7 8. f4 Nf6 9. h3 Be7 10. g4 b4 11. Nb1 0-0 12. Nd2 Nfd7 13. Nf3 d5 14. Ng3 dxe4 15. dxe4 Rd8 16. Qe1 Nc6 17. Be3 Nb6 18. b3 Nd4 19. Qf2 Rac8 20. Kh1 Nb5 21. f5 Bd6 22. Nh5 Bxe4 23. f6 g6 24. Qh4 Bxf3 25. Rxf3 Nd4 26. Rf2 Bf8 27. Ng3 Nd5 28. Bg5 Nc3 29. Bh6 Qd6 30. Ne4 Nxe4 31. Bxe4 Bxh6 32. Qxh6 Qf8 33. Qg5 a5 34. h4 h6 35. Qe3 Kh7 36. h5 e5 37. hxg6+ fxg6 38. f7 Rd6 39. Raf1 Rcd8 40. Rf6 Kg7 41. Qf2 g5 42. Bd3 R8d7 43. Rxd6 Rxd6 44. Qe3 Rf6 45. Qxe5 Qxf7 46. Bc4 Nc6 47. Qa1 Qe7 48. Re1 Qd7 49. Re6 Nd4 50. Rxf6 Kxf6 51. Qf1+ Kg7 52. Qg2 Qe7 53. Kg1 Qe3+ 54. Kh1 Qf3 55. Qxf3 Nxf3 56. Bd3 Kf6 57. Be2 Nd4 58. Bd1 Ke5 59. Kg2 Kf4 60. Kf2 Nb5 61. Ke1 Nc3 62. Be2 Nxe2 63. Kxe2 Kxg4 0-1

[Event "Wch U20 Girls 32nd"]
[Site "Pune"]
[Date "2014.10.06"]
[Round "1"]
[White "Sunyasakta, Satpathy"]
[Black "Nandhidhaa, PV."]
[Result "0-1"]
[WhiteElo "1926"]
[BlackElo "2174"]
[PlyCount "106"]
[EventDate "2014.10.06"]
[EventType "swiss"]
[EventRounds "13"]
[EventCountry "IND"]
[SourceTitle "EXT 2015"]
[Source "ChessBase"]
[SourceDate "2014.11.20"]
[SourceVersion "1"]
[SourceVersionDate "2014.11.20"]
[SourceQuality "1"]

1. e4 c5 2. Nc3 e6 3. g3 Nc6 4. Bg2 g6 5. Nge2 Bg7 6. d3 d6 7. 0-0 Nge7 8. f4 0-0 9. g4 f5 10. gxf5 exf5 11. h3 Be6 12. Be3 Qd7 13. Kh2 Nd4 14. Bf2 fxe4 15. dxe4 Nxe2 16. Nxe2 Bc4 17. Bh4 Rae8 18. Rf2 Bxb2 19. Rb1 Bg7 20. e5 b6 21. Bxe7 Rxe7 22. Bd5+ Bxd5 23. Qxd5+ Qe6 24. Qxd6 Qxd6 25. exd6 Rd7 26. Rd1 Rfd8 27. f5 Be5+ 28. Kg2 Rxd6 29. Rxd6 Rxd6 30. Ng3 Rf6 31. fxg6 Rxg6 32. Rf3 b5 33. Kf2 Bxg3+ 34. Rxg3 Rxg3 35. Kxg3 Kg7 36. Kf3 Kf7 37. Ke3 Ke7 38. Kf3 Ke6 39. Ke4 a5 40. h4 h6 41. Kf4 a4 42. Ke3 Ke5 43. Kd3 Kf4 44. h5 Kg5 45. Ke4 Kxh5 46. Kd5 Kg5 47. Kxc5 h5 48. Kxb5 h4 49. c4 h3 50. c5 h2 51. Kxa4 h1Q 52. Ka5 Qc6 53. Kb4 Kf5 0-1

[Event "IND-chB (Women) 41st"]
[Site "Mapusa"]
[Date "2014.09.11"]
[Round "7"]
[White "Sunyasakta, Satpathy"]
[Black "Mokal, Amruta Sunil"]
[Result "1-0"]
[WhiteElo "1828"]
[BlackElo "2070"]
[PlyCount "87"]
[EventDate "2014.09.07"]
[EventType "swiss"]
[EventRounds "11"]
[EventCountry "IND"]
[SourceTitle "CBM 162 Extra"]
[Source "ChessBase"]
[SourceDate "2014.10.17"]
[SourceVersion "1"]
[SourceVersionDate "2014.10.17"]
[SourceQuality "1"]

1. e4 c5 2. Nc3 e6 3. Nge2 a6 4. g3 b5 5. Bg2 Bb7 6. 0-0 d6 7. f4 Nf6 8. d3 b4 9. Nb1 h5 10. h3 Qb6 11. Be3 d5 12. Nd2 dxe4 13. dxe4 Nbd7 14. Qe1 Be7 15. Rd1 Qc7 16. c4 Nb6 17. b3 a5 18. Nc1 a4 19. Nd3 axb3 20. axb3 Ra2 21. Ra1 Rxa1 22. Qxa1 0-0 23. Qb1 Ra8 24. Ne5 Nbd7 25. Nef3 e5 26. Ng5 Bd6 27. f5 Nb8 28. Qd1 Be7 29. Bf3 g6 30. g4 hxg4 31. Bxg4 Bc8 32. Qe1 Nxg4 33. hxg4 f6 34. Ngf3 g5 35. Qg3 Bf8 36. Kg2 Ra2 37. Rh1 Bb7 38. Qh3 Qg7 39. Kg3 Rc2 40. Nxg5 Bc8 41. Nh7 Rc3 42. Kf2 Nc6 43. Qh5 Bd7 44. Nxf6+ 1-0

[Event "Wch U16 Girls"]
[Site "Al Ain"]
[Date "2013.12.27"]
[Round "10"]
[White "Sunyasakta, Satpathy"]
[Black "Markaki, Sofia"]
[Result "0-1"]
[WhiteElo "1899"]
[BlackElo "1789"]
[PlyCount "70"]
[EventDate "2013.12.18"]
[EventType "swiss"]
[EventRounds "11"]
[EventCountry "UAE"]
[SourceTitle "CBM 158 Extra"]
[Source "ChessBase"]
[SourceDate "2014.02.28"]
[SourceVersion "1"]
[SourceVersionDate "2014.02.28"]
[SourceQuality "1"]

1. e4 c5 2. d4 cxd4 3. c3 dxc3 4. Nxc3 Nc6 5. Nf3 e6 6. Bc4 a6 7. 0-0 Nge7 8. Bg5 f6 9. Be3 b5 10. Bb3 Ng6 11. Qe2 Na5 12. Rfd1 Nxb3 13. axb3 Bb7 14. Nd4 Qb8 15. Qd2 Be7 16. Nde2 Bc6 17. Nd4 0-0 18. Nxc6 dxc6 19. Qd7 Qc8 20. f4 Kf7 21. g3 Rd8 22. Qxc8 Rdxc8 23. Rd7 Ke8 24. Rb7 Nf8 25. Ba7 Rxa7 26. Rxa7 Bc5+ 27. Kg2 Bxa7 28. Rxa6 Bb8 29. Kf3 Kd7 30. Ra1 Kc7 31. Rc1 Kb6 32. f5 Rd8 33. Ke2 exf5 34. exf5 Re8+ 35. Kf2 Nd7 0-1

[Event "Wch U16 Girls"]
[Site "Al Ain"]
[Date "2013.12.23"]
[Round "7"]
[White "Assaubayeva, Diana"]
[Black "Sunyasakta, Satpathy"]
[Result "0-1"]
[WhiteElo "1974"]
[BlackElo "1899"]
[PlyCount "96"]
[EventDate "2013.12.18"]
[EventType "swiss"]
[EventRounds "11"]
[EventCountry "UAE"]
[SourceTitle "CBM 158 Extra"]
[Source "ChessBase"]
[SourceDate "2014.02.28"]
[SourceVersion "1"]
[SourceVersionDate "2014.02.28"]
[SourceQuality "1"]

1. c4 e6 2. g3 Nf6 3. Bg2 d5 4. Nf3 dxc4 5. Qa4+ c6 6. Qxc4 b5 7. Qc2 Bb7 8. 0-0 Nbd7 9. d3 Be7 10. a3 c5 11. Nbd2 0-0 12. d4 Rc8 13. Qd1 Qb6 14. e3 Rfd8 15. Qe2 cxd4 16. Nxd4 Bxg2 17. Kxg2 a6 18. b4 e5 19. N4b3 Rc2 20. Qf3 Qe6 21. Rb1 Nb6 22. Ne4 Nxe4 23. Qxe4 Qd5 24. Qxd5 Nxd5 25. Rb2 Nxe3+ 26. Bxe3 Rxb2 27. Nc5 Rd6 28. Rc1 h6 29. Rc3 f5 30. Nb7 Rg6 31. Kf3 Bg5 32. Rc8+ Kh7 33. Bc5 Rb3+ 34. Kg2 Rxa3 35. Nd6 Re6 36. Nxf5 Kg6 37. g4 h5 38. h3 hxg4 39. hxg4 Bf6 40. Rc7 Rc3 41. Rd7 a5 42. Bf8 a4 43. Ra7 Rec6 44. Bxg7 Bxg7 45. Rxg7+ Kf6 46. Ra7 R6c4 47. Ne3 Rxe3 48. fxe3 Rxg4+ 0-1

[Event "Wch U16 Girls"]
[Site "Al Ain"]
[Date "2013.12.21"]
[Round "5"]
[White "Blagojevic, Tijana"]
[Black "Sunyasakta, Satpathy"]
[Result "1-0"]
[WhiteElo "2019"]
[BlackElo "1899"]
[PlyCount "53"]
[EventDate "2013.12.18"]
[EventType "swiss"]
[EventRounds "11"]
[EventCountry "UAE"]
[SourceTitle "CBM 158 Extra"]
[Source "ChessBase"]
[SourceDate "2014.02.28"]
[SourceVersion "1"]
[SourceVersionDate "2014.02.28"]
[SourceQuality "1"]

1. e4 c5 2. Nf3 e6 3. d4 cxd4 4. Nxd4 Nc6 5. Nc3 Qc7 6. Be3 a6 7. Bd3 Nf6 8. 0-0 Ne5 9. Bf4 Bd6 10. Bg3 0-0 11. Be2 Qb8 12. f4 Nc6 13. Nb3 Bc7 14. e5 Ne8 15. Bd3 d6 16. exd6 Nxd6 17. Ne4 Nf5 18. Qh5 h6 19. Nf6+ gxf6 20. Bxf5 exf5 21. Qxh6 Rd8 22. Bh4 Rd6 23. Rf3 Ne7 24. Re1 Bb6+ 25. Kh1 Bf2 26. Rh3 Re6 27. Qh8+ 1-0

[Event "IND-ch U15 Girls 30th"]
[Site "Kolkata"]
[Date "2013.08.10"]
[Round "7"]
[White "Sunyasakta, Satpathy"]
[Black "Chandreyee, Hajra"]
[Result "1/2-1/2"]
[WhiteElo "1911"]
[BlackElo "1661"]
[PlyCount "84"]
[EventDate "2013.08.06"]
[EventType "swiss"]
[EventRounds "11"]
[EventCountry "IND"]
[SourceTitle "CBM 155 Extra"]
[Source "ChessBase"]
[SourceDate "2013.08.26"]
[SourceVersion "1"]
[SourceVersionDate "2013.08.26"]
[SourceQuality "1"]

1. e4 c5 2. Nc3 d6 3. g3 Nc6 4. Bg2 g6 5. f4 Bg7 6. Nf3 e6 7. 0-0 Nge7 8. d3 a6 9. Kh1 b5 10. f5 exf5 11. Ng5 h6 12. exf5 Bxf5 13. Nxf7 Kxf7 14. g4 Rf8 15. gxf5 Kg8 16. f6 Rxf6 17. Rxf6 Bxf6 18. Nd5 Bg7 19. Be3 Rb8 20. Qd2 Nf5 21. Rf1 Nxe3 22. Qxe3 Ne5 23. Qh3 Kh8 24. Be4 Qc8 25. Qe3 Ng4 26. Qe2 Ne5 27. c3 Qd7 28. Nf4 Rf8 29. d4 cxd4 30. cxd4 g5 31. dxe5 Rxf4 32. Rxf4 gxf4 33. exd6 Qxd6 34. Qc2 Be5 35. Qc8+ Kg7 36. Qg4+ Kf7 37. b3 Qe6 38. Qf3 Ke7 39. Bd5 Qg6 40. Be4 Qe6 41. Qd3 Qd6 42. Bd5 Kf6 1/2-1/2

[Event "IND-ch U15 Girls 30th"]
[Site "Kolkata"]
[Date "2013.08.08"]
[Round "4"]
[White "Monnisha, GK."]
[Black "Sunyasakta, Satpathy"]
[Result "1-0"]
[WhiteElo "2056"]
[BlackElo "1911"]
[PlyCount "123"]
[EventDate "2013.08.06"]
[EventType "swiss"]
[EventRounds "11"]
[EventCountry "IND"]
[SourceTitle "CBM 155 Extra"]
[Source "ChessBase"]
[SourceDate "2013.08.26"]
[SourceVersion "1"]
[SourceVersionDate "2013.08.26"]
[SourceQuality "1"]

1. e4 c5 2. Nf3 e6 3. d4 cxd4 4. Nxd4 Nc6 5. Nb5 d6 6. c4 a6 7. N5a3 Nf6 8. Nc3 Be7 9. Be2 0-0 10. 0-0 b6 11. Be3 Bb7 12. Qd2 Ne5 13. f3 Qc7 14. Rac1 Bc6 15. Rfd1 Rfd8 16. Nd5 Bxd5 17. cxd5 Qb7 18. dxe6 fxe6 19. Nc4 Nxc4 20. Bxc4 d5 21. exd5 exd5 22. Bb3 Kh8 23. Bd4 Rac8 24. Kh1 Rc5 25. Qd3 Qc6 26. Bxc5 bxc5 27. Re1 Bf8 28. Qf5 Qd7 29. Qxd7 Rxd7 30. g4 h6 31. h4 Rd8 32. Rcd1 d4 33. Bc4 a5 34. Re5 Bd6 35. Re6 Ne8 36. Kg2 Nc7 37. Re4 Rb8 38. b3 Rf8 39. g5 Kh7 40. Bd3 Kg8 41. gxh6 gxh6 42. Bc4+ Kh7 43. Rde1 Kg6 44. Kf2 Rf4 45. Rg1+ Kf6 46. h5 Rxe4 47. Rg6+ Ke7 48. fxe4 Bf4 49. Kf3 Bd2 50. Rc6 Ne8 51. Rxc5 Nd6 52. Re5+ Kd7 53. Rd5 Kc7 54. Rxd4 Bc3 55. Rd5 Nxc4 56. Rc5+ Kd6 57. Rxc4 Be5 58. Kg4 Bb2 59. Kf5 Be5 60. Rc1 Bb2 61. Rd1+ Kc6 62. e5 1-0

[Event "Wch U16 Girls"]
[Site "Al Ain"]
[Date "2013.??.??"]
[Round "9"]
[White "Gholami Orimi, Anahita"]
[Black "Sunyasakta, Satpathy"]
[Result "1-0"]
[WhiteElo "1817"]
[BlackElo "1899"]
[PlyCount "73"]
[EventDate "2013.12.18"]
[EventType "swiss"]
[EventRounds "11"]
[EventCountry "UAE"]
[SourceTitle "CBM 158 Extra"]
[Source "ChessBase"]
[SourceDate "2014.02.28"]
[SourceVersion "1"]
[SourceVersionDate "2014.02.28"]
[SourceQuality "1"]

1. d4 d5 2. c4 e6 3. Nc3 Nf6 4. Bg5 c6 5. Nf3 Nbd7 6. cxd5 cxd5 7. e3 Be7 8. Bd3 0-0 9. 0-0 h6 10. Bh4 b6 11. Nd2 Bb7 12. Rc1 Rc8 13. Bg3 a6 14. Qe2 b5 15. Rc2 Nb6 16. Rfc1 Nc4 17. Ndb1 Qa5 18. a3 Qb6 19. f3 Nd7 20. Bf2 Bf6 21. Rd1 Rfd8 22. Bxc4 bxc4 23. e4 g6 24. Be3 Bg7 25. Qd2 Kh7 26. Qf2 Nf6 27. Qh4 Qc6 28. Bxh6 Bxh6 29. Qxf6 Qc7 30. exd5 exd5 31. Re1 Re8 32. Rce2 Qd7 33. Re7 Rxe7 34. Rxe7 Qf5 35. Rxf7+ Kg8 36. Qxf5 gxf5 37. Rxb7 1-0

[Event "Runwal Memorial op U15 Girls 29th"]
[Site "Mumbai"]
[Date "2012.09.27"]
[Round "11"]
[White "Parnali, S Dharia"]
[Black "Sunyasakta, Satpathy"]
[Result "1/2-1/2"]
[WhiteElo "1888"]
[BlackElo "1917"]
[PlyCount "72"]
[EventDate "2012.09.18"]
[EventType "swiss"]
[EventRounds "11"]
[EventCountry "IND"]
[SourceTitle "EXT 2013"]
[Source "ChessBase"]
[SourceDate "2012.11.22"]
[SourceVersion "1"]
[SourceVersionDate "2012.11.22"]
[SourceQuality "1"]

1. d4 d5 2. c4 e6 3. Nf3 Nf6 4. g3 dxc4 5. Bg2 Bb4+ 6. Bd2 a5 7. Bxb4 axb4 8. Ne5 b3 9. Nc3 c6 10. Nxc4 bxa2 11. Qb3 0-0 12. Nb6 Ra6 13. Nxc8 Qxc8 14. Rxa2 Rxa2 15. Qxa2 Na6 16. 0-0 Qd7 17. e3 Ra8 18. Na4 Qc7 19. Qb3 b5 20. Nc3 Nd5 21. Rc1 Qa5 22. Nxd5 cxd5 23. Bf1 Nc7 24. Qc2 Ra7 25. Qc6 g6 26. Qd6 Rb7 27. b4 Qa7 28. Qd8+ Kg7 29. h4 Qb6 30. h5 Na6 31. Qh4 h6 32. hxg6 fxg6 33. Qf4 Nxb4 34. Qe5+ Kf7 35. Rc8 Nc6 36. Qh8 Ke7 1/2-1/2